Opening up

Titel: Opening up : an exhibition of six major Polish painters ; New York, November 1991, Hammer Galleries ; [Henryk Stażewski ...] / [exhibition organizers: Hammer Galleries, New York, NY ...]. Catalogue ed. by Józef Grabski
Beteiligt: ;
Körperschaft:
Veröffentlicht: New York, NY, 1991
Umfang: 105 S. : überwiegend Ill.
Format: Buch
Sprache: Englisch
Schlagworte:
ISBN: 3900731411
Buchumschlag
X
Lokale Klassifikation: 32 9 F
alg: 2040859
001A    $00034:04-06-92 
001B    $06055:13-02-26 $t17:40:00.000 
001C    $06002:03-03-06 $t15:05:09.000 
001D    $09999:99-99-99 
001U    $0utf8 
001X    $00 
002@    $0Aauc 
003@    $0020408595 
003O    $0612323660 $aOCoLC 
004A    $03-900731-41-1 
007A    $0020408595 $aHEB 
007T    $0Herdhh020408595 
010@    $aeng 
011@    $a1991 $n1991 
013D    $RKatalog $#Exhibition catalogs $#Expositions $#Cataloghi di esposizioni $#Ausstellungskatalog $D20251120 $Ecgmnf $74135467-9 $8Ausstellungskatalog [Tsz] $9085499846 
013H    $0c 
015@    $00 
021A    $a@Opening up $dan exhibition of six major Polish painters ; New York, November 1991, Hammer Galleries ; [Henryk Stażewski ...] $h[exhibition organizers: Hammer Galleries, New York, NY ...]. Catalogue ed. by Józef Grabski 
028C    $BHrsg. $D20220215 $Ecgwrk $7132726114 $8Grabski, Józef$Z1950- [Tp1] $9185142087 
028C/01 $BIll. $7 $8Stažewski, Henryk [Tnd] $9143062344 
029F    $73012193-0 $8Hammer Galleries$gNew York, NY [Tb1] $9044038585 
033A    $pNew York, NY 
034D    $a105 S. 
034M    $aüberwiegend Ill. 
045B    $a759.380904507407471 $ALoC $eDDC20oclc 
045F    $a709.438 $eDDC23BSB 
045F/01 $a709 
045F/03 $g438 

lok: 2040859 3
101B    $017-05-04 $t16:14:37.000 
145S/01 $a028 
145Z/01 $a246 Nd 0059 
101U    $0utf8 

exp: 2040859 3 1 #EPN
201B/01 $022-01-02 $t18:15:30.742 
203@/01 $002765091X 
208@/01 $a03-05-93 $bhAa 
209A/01 $aQ 85.141.15 $du $f000 $hQ 85 141 15 $x00 
209G/01 $a85141155 $x00 
247C/01 $8601000-3 <30>Frankfurt, Universitätsbibliothek J. C. Senckenberg, Zentralbibliothek (ZB) $9102598258 
201U/01 $0utf8 

lok: 2040859 23
101B    $004-08-95 $t06:15:25.835 
107F    $0052644316 
144Z/01 $aPolen / Malerei / Geschichte 1966-1991 / Ausstellung / New York 
144Z/02 $aAusstellung / New York / Malerei / Polen / Geschichte 1966-1991 
144Z/03 $aMalerei / Polen / Geschichte 1966-1991 / Ausstellung / New York 
101U    $0utf8 

exp: 2040859 23 1 #EPN
201B/01 $022-01-02 $t18:15:30.919 
203@/01 $0052644324 
208@/01 $a04-06-92 $bh 
209A/01 $a75 Kun 457/5 OPE $du $f070 $hKUN 457 5 OPE $x00 
209C/01 $a16078476 $h16078476 
209G/01 $a16078476 $x00 
247C/01 $8352070-5 <34/70>Kassel, UB Kassel, Standort Kunsthochschulbibliothek $9102599521 
201U/01 $0utf8 

lok: 2040859 24
101B    $012-07-07 $t12:13:26.000 
101U    $0utf8 
145Z/01 $a32 9 F 

exp: 2040859 24 1 #EPN
201B/01 $012-07-07 $t12:13:26.000 
201U/01 $0utf8 
203@/01 $008629069X 
208@/01 $a22-10-92 $bh 
209A/01 $a32 IX F 196 $du $f050 $h32 9 F 196 $x00 
209C/01 $aK 92.2129 $h92 2129 K 
209G/01 $a71855058 $x00 
247C/01 $8358050-7 Marburg, Bibliothek des Herder-Instituts Marburg $9102600961 

lok: 2040859 78

exp: 2040859 78 1 #EPN
201B/01 $019-04-17 $t17:31:34.000 
201U/01 $0utf8 
203@/01 $0793802210 
208@/01 $a12-11-16 $be 
209A/01 $a/ $f000 $x00 
237A/01 $aweiterführende Signatur(en): Herder-Institut: 32 IX F 196 
244Z/01 $2Trx $#Poola $#Lenkija $#Polija $#Polen Land $#Poland $#Lengyelország $#Poľsko $#Polsko $8--Trx--Polska$gkraj $x01 $9391345966 
244Z/01 $2Trx $#dzieło zbiorowe $8--Trx--Sammelwerk $x02 $9391384597 
245Z/01 $a11.10 $x01 
247C/01 $82080>Marburg/Lahn, Herder-Institut, Forschungsbibliothek, Bibliographieportal $9336309341
LEADER 00000cam a2200000 c 4500
001 020408595
003 DE-603
005 20260213174000.0
007 tu
008 920604s1991 xx |||| | u00||u|eng c
020 |a 3900731411 
035 |a (DE-599)HEB020408595 
035 |a (OCoLC)612323660 
040 |a DE-603  |b ger  |c DE-603  |d DE-603 
041 |a eng 
082 0 4 |8 1\u  |a 709.438  |q DE-101  |2 23/BSB 
083 7 |8 2\p  |a 759.380904507407471  |2 20/oclc 
085 |8 1\u  |b 709 
085 |8 1\u  |z 2  |s 438 
245 0 0 |a Opening up  |b an exhibition of six major Polish painters ; New York, November 1991, Hammer Galleries ; [Henryk Stażewski ...]  |c [exhibition organizers: Hammer Galleries, New York, NY ...]. Catalogue ed. by Józef Grabski 
264 1 |a New York, NY  |c 1991 
300 |a 105 S.  |b überwiegend Ill. 
655 7 |a Ausstellungskatalog  |2 gnd-content  |0 (DE-588)4135467-9  |0 (DE-603)085499846 
700 1 |a Grabski, Józef  |d 1950-  |e Hrsg.  |4 edt  |0 (DE-603)185142087  |0 (DE-588)132726114  |2 gnd 
700 1 |a Stažewski, Henryk  |e Ill.  |4 ill  |0 (DE-603)143062344 
710 2 |a Hammer Galleries  |g New York, NY  |0 (DE-603)044038585  |0 (DE-588)3012193-0  |2 gnd 
883 0 |8 2\p  |q LoC 
924 0 |9 30  |a (DE-603)02765091X  |b DE-30  |c HES  |d c  |g Q 85.141.15 
924 0 |9 34/70  |a (DE-603)052644324  |b DE-34-70  |c HES  |d c  |g 75 Kun 457/5 OPE 
924 0 |9 Mb 50  |a (DE-603)08629069X  |b DE-Mb50  |c HES  |d c  |g 32 IX F 196 
924 0 |9 2080  |a (DE-603)793802210  |b DE-2080  |c HES  |d d  |g /